Normal view
MARC view
- الحديث المرسل- الحديث- اسناد
Entry Topical Term
001 - CONTROL NUMBER
- control field: 12811
003 - CONTROL NUMBER IDENTIFIER
- control field: JO-AjAnu
005 - DATE AND TIME OF LATEST TRANSACTION
- control field: 20230606072343.0
008 - FIXED-LENGTH DATA ELEMENTS
- fixed length control field: 230606|| aca||aabn | a|a d
040 ## - CATALOGING SOURCE
- Original cataloging agency: JO-AjAnu
- Transcribing agency: JO-AjAnu
150 ## - HEADING--TOPICAL TERM
- Topical term or geographic name entry element: الحديث المرسل- الحديث- اسناد
670 ## - SOURCE DATA FOUND
- Source citation: Work cat.: (JO-AjAnu)6593: الرازي، أبي محمد عبد الرحمن بن أبي حاتم محمد بن إدريس الحنظلي؛ عناية شكر الله نعمه الله قوجاني, author 12810, كتاب المراسيل